000 00885nas a2200253 4500
001 BR8200443
003 BR-BrBNA
005 20231205085004.0
007 ta
008 230509b bl.|||p| |||| 00| 00por d
040 _aBR-BrBNA
_bpor
_cBiblioteca Nacional de Agricultura
041 _a(Pt)
072 _aH10
100 1 _aRodrigues, V.M.
100 1 _aMoraes, R.A.O. de
245 1 _aVespideos sociais - estudo de Polybia (Apopolybia)jurinei de Saussure, 1854 (Polistinae-Polybiini)[Vespa]
246 1 _aSocial wasps - observations on Polybia (Apopolybia)jurinei de Saussure, 1854 (Polistinae-Polybiini)[Wasp]
650 _aPraga de planta
650 _aVespa
650 _aBiologia
773 0 _tAnais da Sociedade Entomologica do Brasil (Brazil)
_xISSN 0301-8059
_g(1981), v. 10(1) p. 3-7
_wBR8200443
909 _a202311
_bLúcia
_c55
_dLúcia Elande
942 _2AGRIS
_n0
_cANA
999 _c108541
_d108541